LEADER 01492nam a2200289 i 4500 001 000000026299 003 CaOOAMICUS 005 20250610103557.0 008 180830s1750 ne u000 u grc u 040 $aSeMil$bita 041 $agrc$alat 100 0 $aChariton : Aphrodisiensis.$0(OLS)http://semarc/name/11776 245 10$aCharitonos Aphrodisieos ton peri Chairean kai Kallirrhoen erotikon diegematon logoi 8. Jacobus Philippus d'Orville publicavit, animadversionesque adjecit. 246 0 $iTitolo dell'occhietto$aJacobi Philippi D'Orville Animadversiones in Charitonem Aphrodisiensem. Tomus 1. [-2.] 264 1$aAmstelodami :$bApud Petrum Mortier,$c1750. 300 $a2 v. ;$c4°. 500 $aIl v. 1 è diviso in 2 parti 500 $aVignetta calcogr. con motto sul front. del v. 1 700 1 $aMortier, Pieter$b<1.,$cEditore,$d1704-1754>.$0(OLS)http://semarc/name/11777 774 0 $tTomus 1.$w()212491 774 0 $tTomus 2.$w()212492 900 0 $aCaritone : di Afrodisia. 996 $6245$aCharitonos Aphrodisieos ton peri Chairean kai Kallirrhoen erotikon diegematon logoi 8. Jacobus Philippus d'Orville publicavit, animadversionesque adjecit$9(OLS)http://semarc/title/35471 996 $6246$aJacobi Philippi D'Orville Animadversiones in Charitonem Aphrodisiensem. Tomus 1. [-2.]$9(OLS)http://semarc/title/35472 996 $6264$aAmstelodami :$bApud Petrum Mortier$9(OLS)http://semarc/publisher/36785 LEADER 01054nam a2200265 i 4500 001 000000119048 003 CaOOAMICUS 005 20061122000000.0 008 061122s1983 it u000 u ita u 013 $a91741 040 $aSeMil$bita 100 1 $aVannucci, Giovanni Maria .$0(OLS)http://semarc/name/89866 245 10$aLibertà dello spirito /$cGiovanni Vannucci. 260 $aLiscate :$bCENS,$ccopyr. 1983. 300 $a460 p. ;$c21 cm. 490 0 $aQuaderni di ricerca ;$v4 500 $aFondo Card. C.M. Martini. - In prel. Dedica aut. di David M. Turoldo. 650 4$aVita cristiana - Meditazioni.$0(OLS)http://semarc/subject/1353 830 0$aQuaderni di ricerca ;$v4.$0(OLS)http://semarc/title/10452 850 $aSeMil 852 $aSeMil$W1$xVenegono$y1$m2D II 250$j74293$B74293$CSeMilBibl$Z2$F101701 $81 941 1 $a4 961 $aOmaggio: Martini Card. Carlo Maria 996 $6245$aLibertà dello spirito$9(OLS)http://semarc/title/174932 996 $6260$aLiscate :$bCENS$9(OLS)http://semarc/publisher/40879